00265nam a22000977a 4500008004100000041000800041080001200049100000600061101000800067245009200075181105b xxu||||| |||| 00| 0 eng d aeng a616.073 a5 aRAD aThe Correlated Lecture Lbaoratory In Diagnnostic Radiological PhysicscLmel.A.D